[Event "Detroit (RVO/5)"]
[Site "?"]
[Date "1990.??.??"]
[Round "?"]
[White "Gabriel, R."]
[Black "Johnson, Henry"]
[Result "1-0"]
[WhiteElo "1795"]
[BlackElo "1915"]
[PlyCount "147"]
[EventDate "1990.??.??"]

1. e4 g6 2. Nf3 Bg7 3. d4 c5 4. c3 Nf6 5. Bd3 cxd4 6. cxd4 d6 7. O-O O-O 8. Re1
Nc6 9. a3 Qb6 10. d5 Nd4 11. Nxd4 Qxd4 12. Nc3 Ng4 13. Rf1 Bd7 14. h3 Ne5 15.
Be2 Qb6 16. Rb1 Rac8 17. Be3 Qa5 18. Bd4 a6 19. Qb3 Nf3+ 20. Bxf3 Bxd4 21. Qxb7
Rc7 22. Qb3 Bxc3 23. bxc3 Rxc3 24. Qb7 Bb5 25. Rfc1 Re8 26. Rxc3 Qxc3 27. a4
Qc2 28. Re1 Qxa4 29. Qc7 Qc4 30. Qa5 Rc8 31. Be2 Qc3 32. Qxc3 Rxc3 33. Bxb5
axb5 34. Rb1 Rc4 35. f3 b4 36. Rb2 Kg7 37. Kf2 Kf6 38. Ke3 g5 39. Kd3 Rc3+ 40.
Kd4 h5 41. Rf2 Rc1 42. Rb2 h4 43. Kd3 Rg1 44. Kc4 Ke5 45. Kxb4 Kf4 46. Kc4 Kg3
47. Rb7 Rxg2 48. Rxe7 Kxh3 49. e5 dxe5 50. Rxe5 f6 51. Re3 Kg3 52. d6 Ra2 53.
d7 Rd2 54. Rd3 Rxd3 55. Kxd3 h3 56. d8=Q h2 57. Qc7+ Kg2 58. Qc2+ Kg1 59. Qd1+
Kg2 60. Qe2+ Kg1 61. Ke3 h1=N 62. Qd1+ Kg2 63. Qc2+ Kg1 64. Qc1+ Kh2 65. Qb2+
Kh3 66. Qxf6 g4 67. Qf5 Ng3 68. Qxg4+ Kh2 69. Kf2 Nh1+ 70. Ke3 Ng3 71. f4 Nf1+
72. Ke2 Ng3+ 73. Qxg3+ Kxg3 74. f5 1-0

[Event "Detroit (RVO/1)"]
[Site "?"]
[Date "1990.??.??"]
[Round "?"]
[White "Gabriel, R."]
[Black "Householder, James"]
[Result "1-0"]
[WhiteElo "1795"]
[BlackElo "1605"]
[PlyCount "45"]
[EventDate "1990.??.??"]

1. e4 c5 2. Nf3 d6 3. d4 cxd4 4. Nxd4 Nf6 5. Nc3 a6 6. Bc4 e6 7. Be3 Be7 8. Qe2
O-O 9. f4 Nxe4 10. Nxe4 d5 11. Bd3 dxe4 12. Bxe4 Qc7 13. O-O Bd7 14. Rf3 Nc6
15. Rh3 h6 16. Rg3 Bf6 17. c3 Nxd4 18. cxd4 Rab8 19. Qh5 Kh8 20. f5 e5 21. Bxh6
Kg8 22. Bxg7 Bxg7 23. f6 1-0

[Event "Lansing (Mini-Swiss.1/2)"]
[Site "?"]
[Date "1990.??.??"]
[Round "?"]
[White "Gabbara, Faris"]
[Black "Thompson, Dexter"]
[Result "0-1"]
[WhiteElo "2095"]
[BlackElo "2355"]
[PlyCount "94"]
[EventDate "1990.??.??"]

{1/(2)} 1. d4 d5 2. c4 c6 3. Nc3 e6 4. Nf3 dxc4 5. e3 b5 6. a4 Bb4 7. Bd2 Bb7
8. Be2 Nf6 9. Qc2 O-O 10. O-O Bxc3 11. bxc3 a6 12. e4 c5 13. e5 Ne4 14. Be3 Nd7
15. Rfd1 Qa5 16. dxc5 Rfd8 17. Bd4 Qc7 18. axb5 axb5 19. Qb2 Bc6 20. Rxa8 Rxa8
21. Ra1 Rxa1+ 22. Qxa1 Nexc5 23. Qa3 Nb3 24. Qe7 Qb8 25. Ba7 Qf8 26. Qc5 h6 27.
Qe3 Qa3 28. h3 Nc1 29. Bf1 Qa1 30. Bd4 Nb3 31. Nd2 Qd1 32. Nf3 Bxf3 33. Qxf3
Qxf3 34. gxf3 Nxd4 35. cxd4 Nb6 36. Be2 b4 37. Kf1 b3 38. Bd1 Nd5 39. Ke1 Nc3
40. Kd2 Nxd1 41. Kxd1 c3 42. f4 Kf8 43. h4 Ke7 44. f5 exf5 45. d5 f4 46. h5 f3
47. Kc1 g6 0-1

[Event "Lansing (Mini-Swiss.1/2)"]
[Site "?"]
[Date "1990.??.??"]
[Round "?"]
[White "Gabbara, Faris"]
[Black "Owens, James"]
[Result "1-0"]
[WhiteElo "2090"]
[BlackElo "1955"]
[PlyCount "50"]
[EventDate "1990.??.??"]

{1/(2)} 1. e4 c5 2. Nf3 d6 3. d4 cxd4 4. Nxd4 Nf6 5. Nc3 a6 6. Bc4 e6 7. Bb3
Be7 8. Be3 Qc7 9. O-O O-O 10. f4 Nc6 11. Kh1 Na5 12. f5 Nc4 13. Bxc4 Qxc4 14.
Qf3 b5 15. e5 dxe5 16. Nc6 Bd6 17. Bg5 e4 18. Nxe4 Qxe4 19. Qh3 Qxc6 20. Bxf6
gxf6 21. Qh4 Be5 22. Rf3 Bb7 23. Re1 Qc4 24. Qh6 Bxf3 25. gxf3 Qd4 {
[Continuation missing due to time pressure. 1-0, 59?]} 1-0

[Event "Detroit (RVO/4)"]
[Site "?"]
[Date "1990.??.??"]
[Round "?"]
[White "Gabbara, Faris"]
[Black "Noren, Kevin"]
[Result "1/2-1/2"]
[WhiteElo "2130"]
[BlackElo "2295"]
[PlyCount "71"]
[EventDate "1990.??.??"]

1. e4 e6 2. d4 d5 3. Nc3 Bb4 4. Nge2 dxe4 5. a3 Bxc3+ 6. Nxc3 Nc6 7. Bb5 Nge7
8. Nxe4 O-O 9. c3 e5 10. Bxc6 Nxc6 11. d5 Ne7 12. c4 f5 13. Ng5 h6 14. Nf3 Ng6
15. O-O f4 16. Re1 Bg4 17. h3 Bxf3 18. Qxf3 Nh4 19. Qg4 Rf5 20. g3 fxg3 21.
fxg3 Nf3+ 22. Kh1 Qf6 23. Rf1 Rf8 24. Be3 e4 25. Rf2 Re8 26. Bxh6 e3 27. Rxf3
Rxf3 28. Bxg7 Rf1+ 29. Rxf1 Qxf1+ 30. Kh2 Qf2+ 31. Kh1 Qe1+ 32. Kh2 Qd2+ 33.
Kh1 Qc1+ 34. Kh2 Qc2+ 35. Kg1 Qb1+ 36. Kh2 1/2-1/2

[Event "Flint (MEX/3)"]
[Site "?"]
[Date "1990.??.??"]
[Round "?"]
[White "Gabbara, Faris"]
[Black "Noren, Kevin"]
[Result "0-1"]
[WhiteElo "2070"]
[BlackElo "2250"]
[PlyCount "60"]
[EventDate "1990.??.??"]

1. e4 e6 2. d4 d5 3. Nd2 c5 4. exd5 Qxd5 5. Ngf3 cxd4 6. Bc4 Qd6 7. O-O Nf6 8.
Nb3 Nc6 9. Nbxd4 Nxd4 10. Nxd4 a6 11. Be3 Qc7 12. Be2 Bd6 13. h3 O-O 14. c3 e5
15. Nf3 h6 16. a4 Be6 17. a5 Nd5 18. Qd2 f5 19. c4 Nxe3 20. Qxe3 e4 21. Nd4 Bd7
22. Nb3 Bc6 23. f4 Qe7 24. Kh1 Kh8 25. Rg1 Qh4 26. Raf1 Kh7 27. g4 g5 28. gxf5
gxf4 29. Qc3 e3+ 30. Rf3 Qxh3# 0-1

[Event "Lansing (Apr)"]
[Site "?"]
[Date "1990.??.??"]
[Round "?"]
[White "Gabbara, Faris"]
[Black "Lehotzky, Attila"]
[Result "1/2-1/2"]
[WhiteElo "2075"]
[BlackElo "2045"]
[PlyCount "135"]
[EventDate "1990.??.??"]

1. e4 e5 2. f4 exf4 3. Nf3 Be7 4. Bc4 d6 5. d4 Bh4+ 6. Kf1 Be7 7. Bxf4 Be6 8.
d5 Bg4 9. h3 Bh5 10. g4 Bg6 11. Qe2 f6 12. Nd4 Bf7 13. Bb5+ Kf8 14. Ne6+ Bxe6
15. dxe6 a6 16. Ba4 Qc8 17. Bb3 Nc6 18. Nc3 Nd4 19. Qc4 Nxb3 20. axb3 h5 21.
Kg2 Bd8 22. Ra5 b5 23. Qc6 hxg4 24. Nxb5 gxh3+ 25. Kg3 Ne7 26. Qd7 axb5 27.
Rxa8 Qxa8 28. Ra1 Qb8 29. Kh2 Qc8 30. Qxc8 Nxc8 31. Ra8 Ke7 32. Rxc8 Rh4 33.
Bg3 Rxe4 34. Kxh3 Rxe6 35. Rb8 Re2 36. c4 bxc4 37. bxc4 Rc2 38. b3 f5 39. Bh4+
Ke6 40. Bxd8 Rc3+ 41. Kg2 Rc2+ 42. Kf3 c5 43. Bg5 Rc3+ 44. Kf4 Rd3 45. Re8+ Kf7
46. Re3 Rxe3 47. Kxe3 Ke6 48. Kf4 d5 49. Bd8 g6 50. Bh4 Kd6 51. Bf2 d4 52. Bg3
Ke6 53. Be1 Kf6 54. Bh4+ Ke6 55. Bd8 Kd7 56. Ba5 Ke6 57. b4 cxb4 58. Bxb4 g5+
59. Kf3 Ke5 60. Bf8 g4+ 61. Ke2 Ke4 62. c5 Kd5 63. Bd6 f4 64. Bxf4 Kxc5 65. Kd3
Kd5 66. Bg3 Kc5 67. Bf2 Kd5 68. Bxd4 1/2-1/2

[Event "Flint (MEX/1)"]
[Site "?"]
[Date "1990.??.??"]
[Round "?"]
[White "Gabbara, Faris"]
[Black "Hahn, David"]
[Result "1/2-1/2"]
[WhiteElo "2070"]
[BlackElo "2220"]
[PlyCount "156"]
[EventDate "1990.??.??"]

1. e4 g6 2. d4 Bg7 3. Nc3 d6 4. Nf3 a6 5. a4 Nf6 6. h3 O-O 7. Be3 d5 8. e5 Ne4
9. Bd3 c5 10. Bxe4 dxe4 11. Nxe4 cxd4 12. Bxd4 Nc6 13. Bc3 Qc7 14. O-O Nxe5 15.
Bxe5 Bxe5 16. Nxe5 Qxe5 17. Nc3 Be6 18. Re1 Qf5 19. Qe2 Rfd8 20. Rad1 Rac8 21.
Rxd8+ Rxd8 22. Rd1 Rxd1+ 23. Qxd1 Qf4 24. b3 Qe5 25. Ne2 f6 26. Kf1 a5 27. Qd4
Qxd4 28. Nxd4 Bd7 29. f4 Kf7 30. Ke2 e5 31. fxe5 fxe5 32. Nf3 Kf6 33. Ke3 g5
34. Nd2 Bc6 35. g3 Bd5 36. Ne4+ Kf5 37. g4+ Kg6 38. c4 Bc6 39. c5 h5 40. Nd6
hxg4 41. hxg4 Bd5 42. Nc4 Bxc4 43. bxc4 Kf6 44. Kd3 Ke7 45. Ke4 Ke6 46. Kd3 Kd7
47. Ke4 Kc6 48. Kf5 Kxc5 49. Kxg5 Kd4 50. Kf6 e4 51. g5 e3 52. g6 e2 53. g7
e1=Q 54. g8=Q Qe5+ 55. Kf7 Qc7+ 56. Kf6 Qd6+ 57. Kf7 Kc3 58. Qg5 Qd7+ 59. Kg8
Qe8+ 60. Kh7 Qxa4 61. Qe3+ Kb2 62. Qe5+ Kb3 63. Qe3+ Kxc4 64. Qe4+ Kb3 65.
Qxb7+ Qb4 66. Qd5+ Ka3 67. Qd3+ Kb2 68. Qe2+ Kb3 69. Qd1+ Kc4 70. Qe2+ Kc5 71.
Qe7+ Kc6 72. Qe8+ Kb7 73. Qd7+ Ka6 74. Qd3+ Qb5 75. Qa3 a4 76. Qd6+ Qb6 77.
Qd3+ Ka7 78. Qa3 Qc7+ 1/2-1/2

[Event "Lansing (Mini-Swiss.1/1)"]
[Site "?"]
[Date "1990.??.??"]
[Round "?"]
[White "Gabbara, Faris"]
[Black "Brattin, Vincent"]
[Result "0-1"]
[WhiteElo "2090"]
[BlackElo "1930"]
[PlyCount "84"]
[EventDate "1990.??.??"]

{1/(1)} 1. e4 c6 2. d4 d5 3. exd5 cxd5 4. Bd3 Nf6 5. Bf4 Qb6 6. b3 Nc6 7. c3
Bd7 8. Nf3 g6 9. O-O Bg7 10. Re1 O-O 11. Qd2 Bg4 12. Ne5 e6 13. Nxg4 Nxg4 14.
h3 Nf6 15. Na3 a6 16. Nc2 Rac8 17. Ne3 Nd7 18. Ng4 Na7 19. Rac1 Rc6 20. Bh6
Bxh6 21. Nxh6+ Kg7 22. Ng4 Rfc8 23. Qh6+ Kg8 24. Qf4 Rf8 25. Re5 Qc7 26. Qh6 f5
27. Re3 fxg4 28. Bxg6 Nf6 29. Bb1 Qg7 30. Qh4 Kh8 31. Rg3 Nc8 32. hxg4 Ne4 33.
Rh3 Rc7 34. f3 Ng5 35. Rg3 e5 36. dxe5 Qxe5 37. Bf5 Qe3+ 38. Kh2 Qxc1 39. Qxg5
Qxg5 40. Rh3 Qf4+ 41. Kg1 Qc1+ 42. Kh2 Nd6 0-1

[Event "Detroit (RVO/5)"]
[Site "?"]
[Date "1990.??.??"]
[Round "?"]
[White "Gabbara, Faris"]
[Black "Andrews, R."]
[Result "0-1"]
[WhiteElo "2130"]
[BlackElo "2170"]
[PlyCount "78"]
[EventDate "1990.??.??"]

1. e4 e6 2. d4 d5 3. Nc3 Bb4 4. Nge2 dxe4 5. a3 Be7 6. Nxe4 Nf6 7. N2g3 Nbd7 8.
c4 Nxe4 9. Nxe4 Nf6 10. Nxf6+ Bxf6 11. Be3 c5 12. dxc5 Qxd1+ 13. Rxd1 Bxb2 14.
Bd4 Bxd4 15. Rxd4 Bd7 16. Be2 Rc8 17. Bf3 Bc6 18. Bxc6+ Rxc6 19. Ke2 Ke7 20.
Rhd1 Rc7 21. R1d3 Rhc8 22. Kd2 f5 23. Rd6 Kf6 24. Rd7 a5 25. f4 Rxd7 26. Rxd7
Rxc5 27. Kd3 b5 28. Rd4 Rxc4 29. Rxc4 bxc4+ 30. Kxc4 e5 31. fxe5+ Kxe5 32. Kb5
g5 33. Kxa5 f4 34. Kb4 Kd4 35. Kb3 Kd3 36. Kb2 g4 37. Kc1 f3 38. gxf3 gxf3 39.
Kd1 f2 0-1

[Event "Detroit (MI Op/5/21)"]
[Site "?"]
[Date "1990.??.??"]
[Round "?"]
[White "Fuller, William"]
[Black "Stefanski, Mark"]
[Result "0-1"]
[WhiteElo "2065"]
[BlackElo "1900"]
[PlyCount "62"]
[EventDate "1990.??.??"]

{5/(21)} 1. d3 d5 2. c3 Nf6 3. Nf3 c5 4. Nbd2 Nc6 5. e4 e5 6. g3 Be7 7. Bg2
dxe4 8. dxe4 Qd3 9. Bf1 Qd8 10. Qc2 Bg4 11. Bg2 Qc8 12. h3 Be6 13. Nf1 h6 14.
Ne3 Qd7 15. Ke2 O-O-O 16. b4 cxb4 17. cxb4 Kb8 18. Rd1 Nd4+ 19. Nxd4 exd4 20.
Nd5 Nxd5 21. exd5 Bxd5 22. Bf4+ Ka8 23. Bxd5 Qxd5 24. a3 Rhe8 25. Qa4 Bg5+ 26.
Kd2 Qc4 27. Be3 dxe3+ 28. Ke1 exf2+ 29. Kxf2 Re2+ 30. Kf1 Red2+ 31. Kg1 Qd4+
0-1

[Event "Detroit (MI Op/1b/9)"]
[Site "?"]
[Date "1990.??.??"]
[Round "?"]
[White "Fuller, William"]
[Black "Lubben, Don"]
[Result "1-0"]
[WhiteElo "2065"]
[BlackElo "1815"]
[PlyCount "85"]
[EventDate "1990.??.??"]

1. Nf3 d5 2. g3 Nf6 3. Bg2 c5 4. d3 Nc6 5. O-O e5 6. Nbd2 h6 7. Re1 Be6 8. e4
d4 9. Nh4 Be7 10. Nf1 g6 11. f4 Qd7 12. fxe5 Nxe5 13. Bf4 Bd6 14. Nf5 O-O-O 15.
Nxd6+ Qxd6 16. Nd2 g5 17. Bxe5 Qxe5 18. b4 cxb4 19. Qb1 Qc5 20. e5 Qc3 21. Re2
Ng4 22. Ne4 Qc7 23. Nd6+ Rxd6 24. exd6 Qxd6 25. a3 Ne3 26. axb4 a6 27. b5 Nxg2
28. bxa6 bxa6 29. Qb2 Re8 30. Rxg2 Bh3 31. Rf2 Qe5 32. Qc1 Qe6 33. c3 dxc3 34.
Qxc3+ Kd8 35. Qa5+ Kd7 36. Rc1 Rc8 37. Rxc8 Kxc8 38. Rc2+ Kd7 39. Qc7+ Ke8 40.
Qc6+ Qxc6 41. Rxc6 Be6 42. d4 Bc4 43. Rxc4 1-0

[Event "Detroit (MI Op/3/21)"]
[Site "?"]
[Date "1990.??.??"]
[Round "?"]
[White "Fuller, William"]
[Black "June, Brian"]
[Result "1-0"]
[WhiteElo "2065"]
[BlackElo "1865"]
[PlyCount "85"]
[EventDate "1990.??.??"]

{3/(21)} 1. Nf3 c5 2. g3 Nc6 3. Bg2 g6 4. d3 Bg7 5. e4 d6 6. O-O Nf6 7. c3 O-O
8. Na3 Rb8 9. Qe2 a6 10. e5 Ng4 11. d4 cxd4 12. cxd4 dxe5 13. h3 e4 14. Qxe4
Bf5 15. Qe2 Nf6 16. Bf4 Rc8 17. Rad1 Nd5 18. Bc1 Ncb4 19. g4 Bd7 20. Ne5 e6 21.
Bd2 Nc2 22. Nxd7 Qxd7 23. Nxc2 Rxc2 24. Rb1 Rfc8 25. Qd3 Qa4 26. Bxd5 exd5 27.
Bc3 Re8 28. Rfe1 Rxe1+ 29. Rxe1 Bf8 30. Qd1 b5 31. a3 Bh6 32. Qf3 Qc4 33. Qf6
Bf8 34. Re8 Rc1+ 35. Kh2 Rxc3 36. bxc3 Qf1 37. Rc8 h6 38. h4 Qe2 39. Ra8 Qxg4
40. f3 Qh5 41. Qe7 Kg7 42. Qxf8+ Kf6 43. Rxa6+ 1-0

[Event "Detroit (MI Op/7/27)"]
[Site "?"]
[Date "1990.??.??"]
[Round "?"]
[White "Fuller, William"]
[Black "Calton, David W"]
[Result "0-1"]
[WhiteElo "2065"]
[BlackElo "1905"]
[PlyCount "62"]
[EventDate "1990.??.??"]

{7/(27)} 1. e4 c6 2. d3 d5 3. Nd2 dxe4 4. dxe4 e5 5. Ngf3 Bg4 6. g3 Nf6 7. Bg2
Qc7 8. h3 Bh5 9. O-O Nbd7 10. a4 O-O-O 11. Qe1 h6 12. c3 g5 13. a5 Nc5 14. b4
Nd3 15. Qe3 Kb8 16. Nc4 g4 17. Nh2 gxh3 18. Bxh3 Rg8 19. Ba3 Nf4 20. Bf5 Be2
21. Nb6 Rd3 22. Qc1 axb6 23. axb6 Qxb6 24. Kh1 Bxf1 25. Qxf1 Rd2 26. gxf4 Rxf2
27. Qd3 Rxh2+ 28. Kxh2 Qf2+ 29. Kh3 Qg2+ 30. Kh4 Qh2+ 31. Qh3 Qxf4+ 0-1

[Event "Flint (Class A/4)"]
[Site "?"]
[Date "1990.??.??"]
[Round "?"]
[White "Frawley, Ed"]
[Black "Ruhlmann, Max"]
[Result "1/2-1/2"]
[WhiteElo "1815"]
[BlackElo "1820"]
[PlyCount "85"]
[EventDate "1990.??.??"]

1. e4 c5 2. Nf3 d6 3. d4 cxd4 4. Nxd4 Nf6 5. Nc3 a6 6. Bg5 e6 7. f4 b5 8. Qf3
Bb7 9. O-O-O Nbd7 10. a3 Rc8 11. Qe3 Qb6 12. Be2 Be7 13. Bf3 b4 14. Na4 Qa5 15.
e5 Bxf3 16. Qxf3 dxe5 17. Qb7 O-O 18. Nc6 Rxc6 19. Qxc6 bxa3 20. b3 h6 21. Rxd7
hxg5 22. Rxe7 exf4 23. Kb1 Nd5 24. Re8 Rxe8 25. Qxe8+ Kh7 26. Qc6 a2+ 27. Kb2
Qd2 28. Qc4 Qxg2 29. Qd3+ Kg8 30. Rd1 Qxh2 31. Rd2 Qg1 32. Rd1 Qf2 33. Rh1 f5
34. Qc4 Kf7 35. Kxa2 Ne3 36. Qc7+ Kg6 37. Kb2 Qg2 38. Rc1 Qd5 39. Nc3 Qd4 40.
Qe7 Qe5 41. Qe8+ Kf6 42. Qf8+ Kg6 43. Qe8+ 1/2-1/2

[Event "Detroit (RVO/2)"]
[Site "?"]
[Date "1990.??.??"]
[Round "?"]
[White "Frawley, Ed"]
[Black "Mazuchowski, Tom"]
[Result "0-1"]
[WhiteElo "1825"]
[BlackElo "2170"]
[PlyCount "74"]
[EventDate "1990.??.??"]

1. e4 c5 2. Nf3 Nc6 3. d4 cxd4 4. Nxd4 e5 5. Nb5 d6 6. N1c3 a6 7. Na3 b5 8. Nd5
Nge7 9. Be3 Nxd5 10. exd5 Ne7 11. c4 Nf5 12. Bd2 Be7 13. cxb5 O-O 14. bxa6 Bg5
15. Bd3 e4 16. Be2 e3 17. Bc3 exf2+ 18. Kxf2 Qb6+ 19. Ke1 Bxa6 20. Nc4 Bxc4 21.
Bxc4 Rfe8+ 22. Be2 Re7 23. Qd3 Ne3 24. Bd4 Qxd4 25. Qxd4 Nc2+ 26. Kd1 Nxd4 27.
Bc4 Nf5 28. Bd3 Ne3+ 29. Kc1 Nxd5+ 30. Kb1 Nf4 31. Bc2 Nxg2 32. a4 Ne3 33. Re1
Rb8 34. Bd3 Rc7 35. Re2 Nd5 36. Bb5 Nb4 37. Ra3 Rc1# 0-1

[Event "Flint (Class A/1)"]
[Site "?"]
[Date "1990.??.??"]
[Round "?"]
[White "Frawley, Ed"]
[Black "Haakonstad, Olaf"]
[Result "1-0"]
[WhiteElo "1815"]
[BlackElo "1850"]
[PlyCount "125"]
[EventDate "1990.??.??"]

1. e4 e5 2. Nf3 Nc6 3. Bc4 Nf6 4. Ng5 d5 5. exd5 Na5 6. Bb5+ c6 7. dxc6 bxc6 8.
Be2 h6 9. Nh3 Bc5 10. d3 Bxh3 11. gxh3 e4 12. Nc3 O-O 13. dxe4 Qb6 14. O-O Rad8
15. Bd3 Rfe8 16. Na4 Bxf2+ 17. Rxf2 Qd4 18. Nc3 Nxe4 19. Nxe4 Rxe4 20. Qf3 Re1+
21. Kg2 f6 22. Qf5 Nc4 23. Qh7+ Kf7 24. Qg6+ Ke6 25. Qg4+ Qxg4+ 26. hxg4 Ne5
27. Re2 Rd1 28. b3 Kf7 29. Bb2 Rxa1 30. Bxa1 Nxd3 31. cxd3 Rxd3 32. Bb2 g6 33.
Rf2 Rd6 34. Re2 f5 35. gxf5 gxf5 36. Kf3 Rd5 37. Kf4 Ra5 38. a3 Rd5 39. Re5 Rd2
40. Rxf5+ Kg8 41. Bc3 Rxh2 42. Rc5 Ra2 43. Ra5 Rf2+ 44. Ke3 Rf7 45. Bd4 Rb7 46.
b4 Re7+ 47. Kd3 Kf7 48. Rxa7 Rxa7 49. Bxa7 Ke6 50. Ke4 h5 51. Kf4 Kd5 52. a4
Kd6 53. Bc5+ Kc7 54. Kg5 Kd7 55. Kxh5 Kc7 56. Kg5 Kd7 57. Kf5 Kc7 58. Ke6 Kb7
59. Kd7 Ka6 60. a5 Kb7 61. Bd6 c5 62. bxc5 Ka6 63. c6 1-0

[Event "Detroit (RVO/4)"]
[Site "?"]
[Date "1990.??.??"]
[Round "?"]
[White "Frawley, Ed"]
[Black "Davy, Erez"]
[Result "1/2-1/2"]
[WhiteElo "1825"]
[BlackElo "1605"]
[PlyCount "102"]
[EventDate "1990.??.??"]

1. e4 d5 2. exd5 Qxd5 3. Nc3 Qa5 4. d4 Nf6 5. b4 Qxb4 6. Bd2 Qxd4 7. Nf3 Qd8 8.
Bc4 e6 9. Qe2 Be7 10. Rd1 Bd7 11. g4 c6 12. Qe5 O-O 13. g5 Nd5 14. Ne4 Qc7 15.
Qa1 b5 16. Bd3 Bd6 17. Ng3 Bf4 18. Nh5 Bxd2+ 19. Rxd2 f6 20. gxf6 Nxf6 21.
Nxf6+ Rxf6 22. Rg1 Kh8 23. Ne5 Be8 24. Qd4 Nd7 25. f4 Nxe5 26. fxe5 Rf7 27. Qe4
g6 28. Rdg2 Rf5 29. Qh4 Rxe5+ 30. Kd1 Kg7 31. Rf2 Qd8 32. Qf4 Rf5 33. Qe3 Rxf2
34. Qxf2 Qf6 35. Qe3 a5 36. Rf1 Qe7 37. Qe5+ Kg8 38. h4 Rd8 39. Ke2 Bf7 40. h5
Rd5 41. Qb8+ Qe8 42. Qc7 Rxh5 43. Be4 Rc5 44. Rd1 Rd5 45. Bxd5 exd5+ 46. Kd2 d4
47. Re1 Qa8 48. Rf1 Qe8 49. Re1 Qa8 50. Rf1 Qe8 51. Re1 Qa8 1/2-1/2

[Event "Detroit (MOR/6/45)"]
[Site "?"]
[Date "1990.??.??"]
[Round "?"]
[White "Franzen, K."]
[Black "Winkelspecht, A."]
[Result "0-1"]
[WhiteElo "1605"]
[BlackElo "1605"]
[PlyCount "76"]
[EventDate "1990.??.??"]

{6/(45)} 1. e4 c6 2. Nf3 d5 3. Nc3 dxe4 4. Nxe4 Bg4 5. Bc4 e6 6. d3 h6 7. O-O
Nf6 8. Nc3 Nbd7 9. h3 Bh5 10. Bf4 Nb6 11. Qe2 Nxc4 12. dxc4 Qb6 13. b3 O-O-O
14. Rad1 Rxd1 15. Qxd1 Bxf3 16. Qxf3 Be7 17. Bh2 Rd8 18. Qf4 Bd6 19. Na4 Qc7
20. Qf3 Bxh2+ 21. Kh1 Be5 22. g3 Rd2 23. Qe3 Rxc2 24. a3 Kb8 25. Qd3 Ra2 26.
Rd1 Rxf2 27. Qd8+ Qxd8 28. Rxd8+ Kc7 29. Rf8 Nd7 30. Re8 Bxg3 31. Nc3 Rh2+ 32.
Kg1 Be5 33. Ne4 Re2 34. Nf2 Bd4 35. Rg8 Rxf2 36. b4 Ne5 37. Rxg7 Nf3+ 38. Kh1
Rh2# 0-1

[Event "Detroit (MOR/4/52)"]
[Site "?"]
[Date "1990.??.??"]
[Round "?"]
[White "Franzen, K."]
[Black "Sujarit, T."]
[Result "0-1"]
[WhiteElo "1605"]
[BlackElo "1605"]
[PlyCount "50"]
[EventDate "1990.??.??"]

{4/(52)} 1. e4 e5 2. Nf3 Nc6 3. Bc4 Bc5 4. O-O Nf6 5. Nc3 O-O 6. d3 Nd4 7. Be3
d6 8. h3 Be6 9. Bb3 Bxb3 10. cxb3 Nh5 11. Bg5 Nxf3+ 12. Qxf3 Qxg5 13. Nd5 g6
14. Nxc7 Rac8 15. Nd5 f5 16. exf5 Rxf5 17. Qg4 Rcf8 18. Qxg5 Rxg5 19. Rae1 Ng3
20. Nc7 Nxf1 21. Kxf1 Rxf2+ 22. Kg1 Rgxg2+ 23. Kh1 Rh2+ 24. Kg1 Rfg2+ 25. Kf1
Rg1# 0-1

[Event "Detroit (MOR/3/61)"]
[Site "?"]
[Date "1990.??.??"]
[Round "?"]
[White "Franzen, K."]
[Black "Shields, S."]
[Result "1-0"]
[WhiteElo "1605"]
[BlackElo "1605"]
[PlyCount "59"]
[EventDate "1990.??.??"]

{3/(61)} 1. e4 e5 2. Nf3 Nc6 3. Bc4 h6 4. Nc3 Nf6 5. O-O Bb4 6. a3 Bxc3 7. dxc3
Nxe4 8. Be3 O-O 9. Qd3 Nf6 10. Bc5 d6 11. Be3 Qe7 12. Nh4 e4 13. Qe2 Ng4 14.
Ng6 Kh7 15. Nxe7 Nxe7 16. f3 Nxe3 17. Qxe3 d5 18. Be2 Nf5 19. Qf4 c6 20. fxe4
dxe4 21. Qxe4 Be6 22. Rxf5 Bxf5 23. Qxf5+ g6 24. Qf6 Rae8 25. Bc4 Re4 26. Bxf7
Rg4 27. Qe6 Kg7 28. Qxg4 Rxf7 29. Qc4 h5 30. Qd4+ 1-0

[Event "Lansing (MI Am/5/25)"]
[Site "?"]
[Date "1990.??.??"]
[Round "?"]
[White "Frantom, M."]
[Black "Skidmore, Jennifer"]
[Result "0-1"]
[WhiteElo "1605"]
[BlackElo "1715"]
[PlyCount "80"]
[EventDate "1990.??.??"]

{5/(25)} 1. d4 d5 2. c4 dxc4 3. Qa4+ Bd7 4. Qxc4 e6 5. g3 Bc6 6. Nf3 Nd7 7. Bg2
Nb6 8. Qc2 Nf6 9. e3 Be7 10. Nc3 Nbd5 11. a3 Nxc3 12. Qxc3 Ne4 13. Qc2 Qd5 14.
Nd2 f5 15. Nxe4 fxe4 16. Bh3 O-O 17. O-O e5 18. dxe5 Qxe5 19. Bd2 Bd6 20. Bc3
Qh5 21. Bg2 Qf5 22. Rad1 Rae8 23. Rd2 h5 24. b4 h4 25. Qb2 g5 26. Qb3+ Kh7 27.
a4 a6 28. Bb2 Re7 29. Bc3 Ref7 30. Qd1 Kg8 31. a5 Bb5 32. g4 Qe6 33. Re1 h3 34.
Bxh3 Rh7 35. Bg2 Bxh2+ 36. Kh1 Be5+ 37. Kg1 Bxc3 38. Rd4 Bxd4 39. Qxd4 Bc6 40.
Rc1 Re8 0-1

[Event "Lansing (MI Am/1/26)"]
[Site "?"]
[Date "1990.??.??"]
[Round "?"]
[White "Frantom, M."]
[Black "Lubben, Don"]
[Result "1-0"]
[WhiteElo "1605"]
[BlackElo "1840"]
[PlyCount "102"]
[EventDate "1990.??.??"]

{1/(26)} 1. d4 e6 2. c4 Nf6 3. Nc3 b6 4. Nf3 Bb7 5. e3 d5 6. cxd5 Nxd5 7. Nxd5
Qxd5 8. a3 Be7 9. b4 O-O 10. Be2 Nd7 11. O-O Nf6 12. Bb2 Bd6 13. h3 a5 14. b5
c6 15. Qd3 Rfc8 16. Rfc1 cxb5 17. Qxb5 Qxb5 18. Bxb5 Rc7 19. Rxc7 Bxc7 20. Rc1
Rc8 21. Ne5 Bd8 22. Rxc8 Bxc8 23. a4 Ne4 24. Nc4 Bc7 25. f3 Nd6 26. Nxd6 Bxd6
27. e4 Kf8 28. Kf2 Ke7 29. Ke3 Bb4 30. Kd3 f6 31. Bc3 Ba3 32. Kc4 Bb7 33. Kd3
Kd6 34. Bc4 Bc6 35. Bb3 Bc1 36. Bd2 Bxd2 37. Kxd2 b5 38. axb5 Bxb5 39. g4 e5
40. d5 Kc5 41. Ke3 a4 42. Ba2 Kb4 43. d6 Ka3 44. Be6 Kb2 45. d7 Bxd7 46. Bxd7
a3 47. Be6 a2 48. Bxa2 Kxa2 49. f4 Kb3 50. g5 fxg5 51. fxe5 Kc4 1-0

[Event "Lansing (MI Am/3/33)"]
[Site "?"]
[Date "1990.??.??"]
[Round "?"]
[White "Frantom, M."]
[Black "Griffin, John"]
[Result "0-1"]
[WhiteElo "1605"]
[BlackElo "1610"]
[PlyCount "46"]
[EventDate "1990.??.??"]

{3/(33)} 1. d4 e6 2. c4 d5 3. Nc3 Nf6 4. c5 b6 5. b4 bxc5 6. bxc5 c6 7. Nf3
Nbd7 8. e3 Qc7 9. Qa4 Be7 10. Rb1 Rb8 11. Rxb8 Nxb8 12. Bd3 O-O 13. O-O Nfd7
14. Bd2 e5 15. Bf5 Bd8 16. Bxd7 Nxd7 17. Rb1 e4 18. Ne5 Nxe5 19. dxe5 f6 20.
exf6 Rxf6 21. Qb4 Qd7 22. Qb8 Bc7 23. Qxa7 Bxh2+ 0-1

[Event "Flint (Class B/2)"]
[Site "?"]
[Date "1990.??.??"]
[Round "?"]
[White "Franklin, Stan"]
[Black "Moore, Robert"]
[Result "1-0"]
[WhiteElo "1645"]
[BlackElo "1765"]
[PlyCount "51"]
[EventDate "1990.??.??"]

1. e4 c5 2. Nc3 d6 3. Bc4 e6 4. Nf3 Nf6 5. d3 Be7 6. O-O O-O 7. a3 a6 8. b4 b5
9. Bb3 Nc6 10. Bb2 cxb4 11. axb4 Bb7 12. Qd2 Nxb4 13. Nxb5 Nxc2 14. Qxc2 axb5
15. Ng5 Qd7 16. f4 h6 17. Nf3 Rfc8 18. Qf2 Qd8 19. Qg3 Bf8 20. Nh4 d5 21. f5
dxe4 22. fxe6 Qxd3 23. exf7+ Kh7 24. Qg6+ Kh8 25. Bxf6 Rxa1 26. Qxh6# 1-0

[Event "Flint (Class B/4)"]
[Site "?"]
[Date "1990.??.??"]
[Round "?"]
[White "Franklin, Stan"]
[Black "June, Brian"]
[Result "0-1"]
[WhiteElo "1645"]
[BlackElo "1720"]
[PlyCount "112"]
[EventDate "1990.??.??"]

1. e4 c5 2. Nf3 Nc6 3. Bc4 e6 4. Nc3 Nge7 5. O-O a6 6. a3 b5 7. Ba2 d5 8. exd5
Nxd5 9. Nxd5 exd5 10. h3 Be7 11. d3 O-O 12. Bf4 Bf6 13. Rb1 Bb7 14. Qd2 Qd7 15.
Nh2 Nd4 16. Ng4 Bh4 17. Bg5 Bxg5 18. Qxg5 Qd6 19. c3 Ne2+ 20. Kh1 Nf4 21. d4 c4
22. Rbd1 h6 23. Qf5 Nd3 24. Rd2 Bc8 25. Qf3 Bxg4 26. Qxg4 Rae8 27. Bb1 Qf4 28.
Qd1 Re6 29. Bxd3 cxd3 30. Rxd3 Rfe8 31. Rf3 Qh4 32. Rg3 Qe7 33. Rd3 Re1 34.
Rxe1 Qxe1+ 35. Qxe1 Rxe1+ 36. Kh2 Re2 37. Re3 Rxb2 38. Re8+ Kh7 39. Rd8 Rb3 40.
Rxd5 Rxc3 41. Rc5 Rxa3 42. d5 Kg6 43. f4 Kf6 44. g4 b4 45. Rc6+ Ke7 46. Rb6 a5
47. Kg2 Rd3 48. Rb5 Kd6 49. Rxa5 Rxd5 50. Ra7 Rb5 51. Rxf7 b3 52. Rxg7 b2 53.
Rg6+ Kd5 54. Rxh6 b1=Q 55. Rh5+ Ke4 56. Rxb5 Qxb5 0-1

[Event "Detroit (MCO/4/16)"]
[Site "?"]
[Date "1990.??.??"]
[Round "?"]
[White "Franke, R."]
[Black "Endres, John"]
[Result "0-1"]
[WhiteElo "1835"]
[BlackElo "1605"]
[PlyCount "47"]
[EventDate "1990.??.??"]

{4/(16)} 1. d4 Nf6 2. c4 g6 3. Nc3 d5 4. cxd5 Nxd5 5. Nxd5 Qxd5 6. e3 Bg7 7.
Nf3 O-O 8. Be2 c5 9. O-O cxd4 10. exd4 Nc6 11. Be3 Bf5 12. a3 Rfd8 13. Rc1 Nxd4
14. Bxd4 Bxd4 15. Nxd4 Qxd4 16. Qb3 Rab8 17. Rfd1 Qe5 18. Rxd8+ Rxd8 19. Bc4 e6
20. h3 b6 21. Qb4 Bd3 22. Rd1 Qe2 23. Qd2 Rc8 24. Qxe2 $138 0-1